Dominica : Third and Fourth Reviews Under the Three-Year Arrangement Under the Poverty Reduction and Growth Facility.

The staff report for the Third and Fourth Reviews Under the Three-Year Arrangement Under the Poverty Reduction and Growth Facility on Dominica highlights economic developments and policies. Import growth has been robust on account of the economic recovery but the impact on the current account has be...

Fuld beskrivelse

Bibliografiske detaljer
Institution som forfatter: International Monetary Fund
Format: Tidsskrift
Sprog:English
Udgivet: Washington, D.C. : International Monetary Fund, 2005.
Serier:IMF Staff Country Reports; Country Report ; No. 2005/117
Online adgang:Full text available on IMF
LEADER 01614cas a2200241 a 4500
001 AALejournalIMF003532
008 230101c9999 xx r poo 0 0eng d
020 |c 5.00 USD 
020 |z 9781451810882 
022 |a 1934-7685 
040 |a BD-DhAAL  |c BD-DhAAL 
110 2 |a International Monetary Fund. 
245 1 0 |a Dominica :   |b Third and Fourth Reviews Under the Three-Year Arrangement Under the Poverty Reduction and Growth Facility. 
264 1 |a Washington, D.C. :  |b International Monetary Fund,  |c 2005. 
300 |a 1 online resource (68 pages) 
490 1 |a IMF Staff Country Reports 
500 |a <strong>Off-Campus Access:</strong> No User ID or Password Required 
500 |a <strong>On-Campus Access:</strong> No User ID or Password Required 
506 |a Electronic access restricted to authorized BRAC University faculty, staff and students 
520 3 |a The staff report for the Third and Fourth Reviews Under the Three-Year Arrangement Under the Poverty Reduction and Growth Facility on Dominica highlights economic developments and policies. Import growth has been robust on account of the economic recovery but the impact on the current account has been partially offset by increased tourism receipts. The efforts to reform the tax system and strengthen social security are necessary to place Dominica's public finances over the long term on a firmer footing. 
538 |a Mode of access: Internet 
830 0 |a IMF Staff Country Reports; Country Report ;  |v No. 2005/117 
856 4 0 |z Full text available on IMF  |u http://elibrary.imf.org/view/journals/002/2005/117/002.2005.issue-117-en.xml  |z IMF e-Library